000 00552nam a2200181Ia 4500
005 20250508153448.0
008 008 250505s9999 xx 000 0 eng d
037 _aTextual
040 _aFEDL
_beng
_cFEDL
041 _aeng
_2eng
084 _a379.11, SEX
_qFEDL
100 _aSexton Patricia Cayo
_9266821
245 0 _aEducation and income : Inequalities of opportunity in our public schools
260 _aNew York, USA
_bThe Viking Press
_c1961
300 _axxi,298p.
942 _cTEXL
_h379.11, SEX
999 _c1343044
_d1343044